Fundamental concepts of estate planning, 1984 /

Bibliographic Details
Corporate Author: Practising Law Institute
Other Authors: Levine, Seymour, 1924-
Format: Book
Language:English
Published: [New York, N.Y.] : Practising Law Institute, [1984]
Series:Tax law and estate planning series.
Estate planning and administration course handbook series ; no. 149.
Subjects:

MARC

Tag First Indicator Second Indicator Subfields
LEADER 00000cam a2200000 a 4500
001 in00000496521
005 20151013072907.0
008 840514s1984 nyu 00000 eng d
010 |z  82080716  
035 |a (OCoLC)10728987 
035 |9 ACE4557AM 
040 |a TXQ  |c TXQ  |d TXA  |d UtOrBLW 
043 |a n-us--- 
049 |a TXAM  |c [1277128] 
090 |a KF750.Z9  |b F8 1984 
245 0 0 |a Fundamental concepts of estate planning, 1984 /  |c Seymour Levine, chairman. 
264 1 |a [New York, N.Y.] :  |b Practising Law Institute,  |c [1984] 
264 4 |c ©1984 
300 |a 480 pages ;  |c 22 cm. 
336 |a text  |b txt  |2 rdacontent 
337 |a unmediated  |b n  |2 rdamedia 
338 |a volume  |b nc  |2 rdacarrier 
490 1 |a Tax law and estate planning series 
490 1 |a Estate planning and administration course handbook series ;  |v no. 149 
500 |a "Prepared for distribution at the Fundamental Concepts of Estate Planning: a Workshop, May-June 1984."--page 5. 
500 |a "D4-5169." 
650 0 |a Estate planning  |z United States. 
650 0 |a Inheritance and transfer tax  |z United States. 
700 1 |a Levine, Seymour,  |d 1924- 
710 2 |a Practising Law Institute. 
830 0 |a Tax law and estate planning series. 
830 0 |a Estate planning and administration course handbook series ;  |v no. 149. 
999 |a MARS 
999 f f |s edcab541-e29b-3df3-9cc2-dccadc06905a  |i d3eda291-12df-3208-a90a-2a19c5df813d  |t 0 
952 f f |p ric  |a Texas A&M University  |b Rellis Campus  |c Joint Library Facility  |d Remote Storage  |t 0  |e KF750.Z9 F8 1984  |h Library of Congress classification  |i unmediated -- volume  |m A14807420876 
952 f f |p ric  |a Texas A&M University  |b Rellis Campus  |c Joint Library Facility  |d Remote Storage  |t 0  |e KF750.Z9 F8 1984  |h Library of Congress classification  |i unmediated -- volume  |m A14807696605 
998 f f |a KF750.Z9 F8 1984  |t 0  |l Remote Storage 
998 f f |a KF750.Z9 F8 1984  |t 0  |l Remote Storage